1228 1482 1278 1261 1436 1022 1587 1422 1312 1362 1062 1519 1468 1749 1905 1915 1845 1659 1966 1193 1601 1922 1571 1673 1420 1310 1424 1986 1045 1639 1619 1083 1950 1588 1663 1317 1997 1452 1581 1450 1160 1485 1590 1476 1203 1585 1667 1286 1410 1532 1655 1336 1086 1218 1914 1670 1429 1659 1624 1654 1249 1650 1908 1533 1811 1390 1914 1117 1515 1668 1004 1504 1492 1452 1297 1944 1344 1463 1531 1569 1061 1808 1686 1975 1260 1630 1980 1699 1296 1588 1256 1140 1126 1853 1601 1999 1381 1636 1731 BCNSPRNW ULIB Ver.6.0+V

เปลี่ยนเป็นภาษาไทย

Change to English
 แสดงรายละเอียดบรรณานุกรม
  กลับหน้าหลัก

Brief Record : Get Marc (ISO 2709) : E-mail record : QR code < ปิดหน้าต่าง
LEADER : 00000nam 2200000uu 4500
001    13399110980
003     ULIB
008    110614s1994||||th 000 0 eng d
020    0071133801 (set)
020    9780071133807 (set)
060 04 WB115^bH322 1994
245 00 Harrison s principles of internal medicine /^ceditors KurtJ. Isselbacher ... [et al.]
246 30 Principles of internal medicine
250    13th ed.
260    New York :^bMcGraw-Hill,^c1994
300    2 v. (xxxii, 2496, I154 p.) :^bill. ;^c29 cm.
504    Includes bibliographical references and index
650  2 Internal Medicine
700 1  Harrison, Tinsley Randolph,^d1900- ,^eed.
700 1  Isselbacher, Kurt J.,^eed.
945    ^p0^l0^i030145
995    Kesorn
999 ^a ใช้งานได้ทุกระบบ
รายการนี้ยังไม่มีแท็ก
คุณยังไม่ได้ล็อกอิน คุณสามารถมีกิจกรรมร่วมกับเว็บไซต์ได้ แต่ต้องล็อกอินก่อน ::
  ล็อกอิน

รายการสื่อสารสนเทศ

ลำดับที่ ประเภท เลขเรียก/บาร์โค้ด สถานที่ สถานะ
- ไม่พบข้อมูล -

รายการใกล้เคียง
    หัวเรื่อง [Internal Medicine]

BibComment


ยังไม่เคยถูกคอมเมนท์

คอมเมนท์ทรัพยากรรายการนี้
  คอมเมนท์: Harrison s princi..


 Copyright 2026. Bcnsprnw @Library